Fitness, Personal Care Services & Education / (Record no. 176600)

MARC details
000 -LEADER
fixed length control field 02045nam a22003257i 4500
003 - CONTROL NUMBER IDENTIFIER
control field OSt
005 - DATE AND TIME OF LATEST TRANSACTION
control field 20200303153704.0
008 - FIXED-LENGTH DATA ELEMENTS--GENERAL INFORMATION
fixed length control field 200303t20192019pauao e 001 0 eng d
020 ## - INTERNATIONAL STANDARD BOOK NUMBER
International Standard Book Number 9781422241400
Terms of availability RM155.70
Qualifying information hardback
040 ## - CATALOGING SOURCE
Original cataloging agency PPAK
Language of cataloging eng
Transcribing agency PPAK
Description conventions rda
082 04 - DEWEY DECIMAL CLASSIFICATION NUMBER
Edition number 23
Classification number 613.7023
090 ## - LOCALLY ASSIGNED LC-TYPE CALL NUMBER (OCLC); LOCAL CALL NUMBER (RLIN)
Classification number (OCLC) (R) ; Classification number, CALL (RLIN) (NR) 613.7023
Feature heading LEW
Feature heading R
100 1# - MAIN ENTRY--PERSONAL NAME
Personal name Lewis, Daniel,
Dates associated with a name 1977-
Relator term author.
245 10 - TITLE STATEMENT
Title Fitness, Personal Care Services & Education /
Statement of responsibility, etc. Daniel Lewis
264 #1 - PRODUCTION, PUBLICATION, DISTRIBUTION, MANUFACTURE, AND COPYRIGHT NOTICE
Place of production, publication, distribution, manufacture Broomall, PA :
Name of producer, publisher, distributor, manufacturer Mason Crest,
Date of production, publication, distribution, manufacture, or copyright notice [2019]
Date of production, publication, distribution, manufacture, or copyright notice ©2019
300 ## - PHYSICAL DESCRIPTION
Extent 110 pages :
Other physical details colour photographs ;
Dimensions 24 cm
336 ## - CONTENT TYPE
Source rdacontent
Content type term text
337 ## - MEDIA TYPE
Source rdamedia
Media type term unmediated
338 ## - CARRIER TYPE
Source rdacarrier
Carrier type term volume
490 1# - SERIES STATEMENT
Series statement CAREERS IN DEMAND FOR HIGH SCHOOL GRADUATES
500 ## - GENERAL NOTE
General note Includes index.
505 ## - FORMATTED CONTENTS NOTE
Title Hairstylist/barber--<br/><br/><br/>
-- Cosmetologist/skin-care specialist/makeup artist/manicurist--
-- Fitness trainer/instructor--
-- Nanny/babysitter/day care assistant--<br/>
-- Preschool aide/school aide--
-- Housekeeper/janitor/maid/cleaner--<br/>
-- Funeral attendant--
-- Seamstress/tailor/upholsterer.
520 ## - SUMMARY, ETC.
Summary, etc. "Careers in fitness, personal care services, and education can be great for people who like to work with other people or who like to work with their hands. Most of these fields are not hard to enter, though they may take years to master. Many of these jobs are deeply satisfying to their practitioners as you can often see the results of your work immediately. Opportunities in personal care and services, fitness, and education include some of the most plentiful and popular jobs in the country. If you think you'd like to help people, work with your hands, and be creative in your work, you should consider one of the careers profiled in this book.
650 10 - SUBJECT ADDED ENTRY--TOPICAL TERM
Topical term or geographic name entry element Physical education and training
Form subdivision Vocational
General subdivision Juvenile literature.
Topical term or geographic name entry element Beauty culture
Form subdivision Vocational guidance
General subdivision Juvenile literature
Topical term or geographic name entry element Teachers' assistants
Form subdivision Vocational guidance
General subdivision Juvenile literature
830 #0 - SERIES ADDED ENTRY--UNIFORM TITLE
Uniform title Careers in demand for high school graduates
942 ## - ADDED ENTRY ELEMENTS (KOHA)
Source of classification or shelving scheme Dewey Decimal Classification
Koha item type Book
Holdings
Withdrawn Not for loan Current library Shelving location Date acquired Full call number Barcode Date last seen Koha item type
  Not For Loan Perpustakaan Alor Setar Rujukan Dewasa 15/03/2020 R 613.7023 LEW A01635154 15/03/2020 Book